MARC-Details
| 000 -LEADER |
| fixed length control field |
02187pam a2200577 cc4500 |
| 001 - CONTROL NUMBER |
| control field |
1231170034 |
| 003 - CONTROL NUMBER IDENTIFIER |
| control field |
DE-101 |
| 005 - DATE AND TIME OF LATEST TRANSACTION |
| control field |
20251007130113.0 |
| 007 - PHYSICAL DESCRIPTION FIXED FIELD--GENERAL INFORMATION |
| fixed length control field |
tu |
| 008 - FIXED-LENGTH DATA ELEMENTS--GENERAL INFORMATION |
| fixed length control field |
210410s2022 gw ||||| |||| 00||||ger |
| 015 ## - NATIONAL BIBLIOGRAPHY NUMBER |
| National bibliography number |
22,A22 |
| Canceled/invalid national bibliography number |
21,N15 |
| Source |
dnb |
| 016 7# - NATIONAL BIBLIOGRAPHIC AGENCY CONTROL NUMBER |
| Source |
DE-101 |
| Record control number |
1231170034 |
| 020 ## - INTERNATIONAL STANDARD BOOK NUMBER |
| International Standard Book Number |
9783964335586 |
| Terms of availability |
Broschur : EUR 10.00 (DE), EUR 10.30 (AT) |
| 020 ## - INTERNATIONAL STANDARD BOOK NUMBER |
| International Standard Book Number |
3964335584 |
| 024 3# - OTHER STANDARD IDENTIFIER |
| Standard number or code |
9783964335586 |
| 035 ## - SYSTEM CONTROL NUMBER |
| System control number |
(DE-599)DNB1231170034 |
| 035 ## - SYSTEM CONTROL NUMBER |
| System control number |
(OCoLC)1298880473 |
| 035 ## - SYSTEM CONTROL NUMBER |
| System control number |
(OCoLC)1246166508 |
| 040 ## - CATALOGING SOURCE |
| Original cataloging agency |
1245 |
| Language of cataloging |
ger |
| Transcribing agency |
DE-101 |
| Modifying agency |
9999 |
| Description conventions |
rda |
| 041 ## - LANGUAGE CODE |
| Language code of text/sound track or separate title |
ger |
| Language code of original |
jpn |
| 044 ## - COUNTRY OF PUBLISHING/PRODUCING ENTITY CODE |
| ISO country code |
XA-DE-BW |
| 082 74 - DEWEY DECIMAL CLASSIFICATION NUMBER |
| Classification number |
741.5 |
| Assigning agency |
DE-101 |
| Edition number |
23sdnb |
| 100 0# - MAIN ENTRY--PERSONAL NAME |
| Authority record control number or standard number |
(DE-588)1250699738 |
| -- |
https://d-nb.info/gnd/1250699738 |
| -- |
(DE-101)1250699738 |
| Personal name |
Nekokurage |
| Relator term |
Künstler |
| Relationship |
art |
| Source of heading or term |
gnd |
| 245 10 - TITLE STATEMENT |
| Title |
Die Tagebücher der Apothekerin |
| Number of part/section of a work |
2 |
| Statement of responsibility, etc. |
Story Light Novel: Natsu Hyuuga ; Story Manga: Itsuki Nanao ; Zeichnungen: Nekokurage ; Characterdesign: Touco Shino ; aus dem Japanischen von Verena Maser |
| 250 ## - EDITION STATEMENT |
| Edition statement |
1. Auflage |
| 264 31 - PRODUCTION, PUBLICATION, DISTRIBUTION, MANUFACTURE, AND COPYRIGHT NOTICE |
| Place of production, publication, distribution, manufacture |
Ludwigsburg |
| Name of producer, publisher, distributor, manufacturer |
Manga Cult |
| Date of production, publication, distribution, manufacture, or copyright notice |
2022 |
| 300 ## - PHYSICAL DESCRIPTION |
| Extent |
160 Seiten |
| 336 ## - CONTENT TYPE |
| Content type term |
Text |
| Content type code |
txt |
| Source |
rdacontent |
| 336 ## - CONTENT TYPE |
| Content type term |
unbewegtes Bild |
| Content type code |
sti |
| Source |
rdacontent |
| 337 ## - MEDIA TYPE |
| Media type term |
ohne Hilfsmittel zu benutzen |
| Media type code |
n |
| Source |
rdamedia |
| 338 ## - CARRIER TYPE |
| Carrier type term |
Band |
| Carrier type code |
nc |
| Source |
rdacarrier |
| 653 ## - INDEX TERM--UNCONTROLLED |
| Uncontrolled term |
(Produktform)Paperback / softback |
| 653 ## - INDEX TERM--UNCONTROLLED |
| Uncontrolled term |
China |
| 653 ## - INDEX TERM--UNCONTROLLED |
| Uncontrolled term |
Die rothaarige Schneeprinzessin |
| 653 ## - INDEX TERM--UNCONTROLLED |
| Uncontrolled term |
Drama |
| 653 ## - INDEX TERM--UNCONTROLLED |
| Uncontrolled term |
Historisch |
| 653 ## - INDEX TERM--UNCONTROLLED |
| Uncontrolled term |
Intrigen |
| 653 ## - INDEX TERM--UNCONTROLLED |
| Uncontrolled term |
Krimi |
| 653 ## - INDEX TERM--UNCONTROLLED |
| Uncontrolled term |
Medizin |
| 653 ## - INDEX TERM--UNCONTROLLED |
| Uncontrolled term |
Mystery |
| 653 ## - INDEX TERM--UNCONTROLLED |
| Uncontrolled term |
Romanze |
| 653 ## - INDEX TERM--UNCONTROLLED |
| Uncontrolled term |
Slice of Life |
| 653 ## - INDEX TERM--UNCONTROLLED |
| Uncontrolled term |
(VLB-WN)1182: Hardcover, Softcover / Belletristik/Comic, Cartoon, Humor, Satire/Manga, Manhwa |
| 655 #7 - INDEX TERM--GENRE/FORM |
| Authority record control number or standard number |
(DE-588)4010427-8 |
| -- |
https://d-nb.info/gnd/4010427-8 |
| -- |
(DE-101)040104273 |
| Genre/form data or focus term |
Comic |
| Source of term |
gnd-content |
| 773 08 - HOST ITEM ENTRY |
| Enumeration and first page |
12 |
| Record control number |
(DE-101)1250700116 |
| 856 42 - ELECTRONIC LOCATION AND ACCESS |
| Contact for access assistance |
X:MVB |
| Electronic format type |
text/html |
| Uniform Resource Identifier |
<a href="http://deposit.dnb.de/cgi-bin/dokserv?id=62f292c55bf84b0692eb5747fbbf67be&prov=M&dok_var=1&dok_ext=htm">http://deposit.dnb.de/cgi-bin/dokserv?id=62f292c55bf84b0692eb5747fbbf67be&prov=M&dok_var=1&dok_ext=htm</a> |
| Materials specified |
Inhaltstext |
| 856 42 - ELECTRONIC LOCATION AND ACCESS |
| Contact for access assistance |
X:MVB |
| Uniform Resource Identifier |
<a href="https://www.cross-cult.de/manga.html">https://www.cross-cult.de/manga.html</a> |
| 856 42 - ELECTRONIC LOCATION AND ACCESS |
| Contact for access assistance |
B:DE-101 |
| Electronic format type |
application/pdf |
| Uniform Resource Identifier |
<a href="https://d-nb.info/1231170034/04">https://d-nb.info/1231170034/04</a> |
| Materials specified |
Inhaltsverzeichnis |
| 942 ## - ADDED ENTRY ELEMENTS (KOHA) |
| Source of classification or shelving scheme |
Dewey Decimal Classification |
| Koha item type |
Manga |
| Suppress in OPAC |
No |